[Event "AUT-chT2O 9899"]
[Site "AUT"]
[Date "1998.11.14"]
[Round "3"]
[White "Beckhuis, Gernod"]
[Black "Steinwender, Peter"]
[Result "1/2-1/2"]
[WhiteElo "2275"]
[BlackElo "2100"]

1.Nf3 Nf6 2.c4 g6 3.Nc3 Bg7 4.e4 d6 5.d4 O-O 6.Be2 e5 7.O-O Nc6 8.d5 Ne7
9.b4 a5 10.Ba3 axb4 11.Bxb4 Nd7 12.a4 Nc5 13.Nd2 Na6 14.Ba3 b6 15.Nb3 Bd7
16.a5 bxa5 17.Nxa5 f5 18.Nb3 Kh8 19.c5 Nxc5 20.Nxc5 dxc5 21.Bxc5 Rxa1 22.Qxa1 Re8
23.Rd1 Nc8 24.Bb5 Nd6 25.Bxd6 cxd6 26.Rb1 Bxb5 27.Rxb5 Qc7 28.Ra5 Rc8 29.Ra8 Kg8
30.Nb5 Qb7 31.Rxc8+ Qxc8 32.Nxd6 Qc5 33.Ne8 fxe4 34.Nxg7 Qxd5 35.Ne8 Qd8
36.Qa4 Kf8 37.h3 Qxe8 38.Qxe8+ Kxe8 39.Kf1 Kd7 40.Ke2 Ke6 41.Ke3 Kf5 42.g3 h6
43.g4+  1/2-1/2

[Event "Budapest FS11 IM-A"]
[Site "Budapest"]
[Date "1998.11.14"]
[Round "8"]
[White "Nguyen Thi Thuan Hoa"]
[Black "Farago, Sandor"]
[Result "0-1"]
[WhiteElo "2115"]
[BlackElo "2335"]

1.d4 Nf6 2.Nf3 g6 3.c4 Bg7 4.Nc3 O-O 5.e4 d6 6.Be2 e5 7.O-O Nc6 8.d5 Ne7
9.b4 a5 10.bxa5 Rxa5 11.Nd2 Ne8 12.Nb3 Ra8 13.Be3 f5 14.f3 Kh8 15.a4 Ng8
16.c5 Ngf6 17.Qc2 Nh5 18.Rfe1 Nf4 19.cxd6 cxd6 20.Bf1 g5 21.g3 Ng6 22.exf5 Bxf5
23.Qd2 g4 24.fxg4 Bxg4 25.Ne4 Nf6 26.Bg2 Bf5 27.Nxf6 Bxf6 28.Qb4 Rg8 29.Nd2 Rg7
30.Nc4 Nf4 31.gxf4 Rxg2+ 32.Kxg2 Qg8+ 33.Kf1 Bd3+ 34.Re2 exf4 35.Qxd6 Bxa1
36.Ne5 Bxe2+ 37.Kxe2 Qg7 38.Bxf4 Re8 39.Kd3 Bxe5 40.Bxe5 Qxe5 41.Qxe5+ Rxe5
42.Kd4 Re8 43.d6 Kg8 44.Kd5 Kf7 45.d7 Rd8 46.Kd6 h5 47.a5 h4 48.h3 Ra8 49.Kc7 Ke7  0-1

[Event "BL9899 (Women)"]
[Site "Germany"]
[Date "1998.11.14"]
[Round "3.1"]
[White "Mai, Iris"]
[Black "Bielicki, Birke"]
[Result "0-1"]
[WhiteElo "2165"]
[BlackElo "2180"]

1.d4 Nf6 2.Nf3 g6 3.c4 Bg7 4.Nc3 O-O 5.e4 d6 6.Be2 e5 7.O-O Nc6 8.d5 Ne7
9.Ne1 Nd7 10.Be3 f5 11.f3 f4 12.Bf2 Nf6 13.c5 g5 14.Rc1 Ng6 15.Nb5 Rf7 16.a4 g4
17.Qc2 g3 18.hxg3 fxg3 19.Bxg3 Bh6 20.Nd3 Bxc1 21.Rxc1 a6 22.Nc3 Nh5 23.Bf2 Qg5
24.Kf1 Ngf4 25.Nxf4 Nxf4 26.g3 Bh3+ 27.Ke1 Ng2+ 28.Kd1 Ne3+ 29.Bxe3 Qxe3
30.Qd2 Qg1+ 31.Kc2 Qxg3 32.cxd6 cxd6 33.Qe3 Rg7 34.Kb3 Qg5 35.Qxg5 Rxg5 36.a5 Rc8
37.Rh1 Bd7 38.Rh6 Rg6 39.Rh2 Kg7 40.Rh4 Rg2 41.Bd1 b6 42.axb6 Rb8 43.Ka3 Rxb6
44.Be2 a5 45.b3 Rb8 46.Rh1 Rc8 47.Bb5 Rxc3 48.Bxd7 Rxf3 49.Rc1 Rgg3 50.Rc7 Rxb3+
51.Ka4 Rb4+ 52.Kxa5 Rb8 53.Bb5+ Kg8 54.Kb4 Rg1  0-1

[Event "AUT-chT2O 9899"]
[Site "AUT"]
[Date "1998.11.15"]
[Round "4"]
[White "Koutsin, Sergey"]
[Black "Vlcek, Stanislav"]
[Result "1-0"]
[WhiteElo "2400"]
[BlackElo "2150"]

1.d4 Nf6 2.c4 g6 3.Nc3 Bg7 4.e4 d6 5.Nf3 O-O 6.Be2 e5 7.O-O Nc6 8.d5 Ne7
9.Ne1 Nd7 10.Be3 f5 11.f3 f4 12.Bf2 g5 13.a4 Ng6 14.a5 a6 15.b4 Nf6 16.c5 h5
17.cxd6 cxd6 18.Na4 g4 19.Nb6 Rb8 20.Nxc8 Qxc8 21.Bb6 Qd7 22.Kh1 g3 23.h3 Nh7
24.Nd3 Ng5 25.Qa4 Qe7 26.Rfc1 Rbc8 27.Bf1 Nh4 28.Ne1 Bh6 29.Rc2 Rxc2 30.Qxc2 Bg7
31.Rc1 Nf7 32.Qc7 Re8 33.b5  1-0

[Event "SVK-chT2A 9899"]
[Site "SVK"]
[Date "1998.11.15"]
[Round "4"]
[White "Janos, Jozef"]
[Black "Bisco, Igor"]
[Result "1-0"]
[WhiteElo "2185"]
[BlackElo "2125"]

1.d4 Nf6 2.c4 g6 3.Nc3 Bg7 4.e4 d6 5.Nf3 O-O 6.Be2 e5 7.O-O Nc6 8.d5 Ne7
9.Ne1 Ne8 10.Nd3 f5 11.Bd2 Kh8 12.f3 Ng8 13.b4 Ngf6 14.a4 Rg8 15.a5 Bf8 16.c5 f4
17.a6 bxa6 18.c6 g5 19.Nf2 h5 20.g4 hxg4 21.fxg4 Rg7 22.Bxa6 Bxa6 23.Rxa6 Rh7
24.Qf3 Rh4 25.Rfa1 Qb8 26.b5 Ng8 27.h3 Ne7 28.Be1 Rh7 29.Nd3 Nc8 30.Bf2 Nf6
31.Kg2 Ng8 32.Ne1 Nge7 33.Qd1 Ng6 34.Nf3 Be7 35.Qg1 Nb6 36.Bxb6 cxb6 37.Qxb6 Qf8
38.Rxa7 Rxa7 39.Qxa7 Qh6 40.Rh1 Bf8 41.Qf2 Nh4+ 42.Nxh4 gxh4 43.Kf3  1-0

[Event "Budapest FS11 IM-A"]
[Site "Budapest"]
[Date "1998.11.16"]
[Round "10"]
[White "Ostrowski, Leszek"]
[Black "Farago, Sandor"]
[Result "1-0"]
[WhiteElo "2340"]
[BlackElo "2335"]

1.Nf3 Nf6 2.d4 d6 3.c4 g6 4.Nc3 Bg7 5.e4 O-O 6.Be2 e5 7.O-O Nc6 8.d5 Ne7
9.b4 a5 10.Ba3 axb4 11.Bxb4 Ne8 12.c5 Bh6 13.cxd6 cxd6 14.Nd2 f5 15.Nc4 fxe4
16.Nxe4 Nf5 17.a4 Qh4 18.Nexd6 Nexd6 19.Bxd6 Bf4 20.g3 Qg5 21.Ra3 Nxd6 22.Nxd6 Bh3
23.Re1 Rad8 24.Ne4 Qh6 25.Bg4 Bc1 26.Rb3 Rf5 27.Bxh3 Qxh3 28.g4 Qh4 29.gxf5 Bf4
30.Rg3 Rf8 31.fxg6 Bxg3 32.fxg3 Qh6 33.Qg4 hxg6 34.Qe6+ Kh8 35.Qxe5+  1-0

[Event "Tanta op"]
[Site "Tanta"]
[Date "1998.11.21"]
[Round "5"]
[White "Sorial, Hanna"]
[Black "Meged, Elsdayed A"]
[Result "1-0"]
[WhiteElo "2245"]
[BlackElo "2250"]

1.Nf3 d6 2.d4 Nf6 3.c4 g6 4.Nc3 Bg7 5.e4 O-O 6.Be2 e5 7.O-O Nc6 8.d5 Ne7
9.Ne1 Nd7 10.Be3 f5 11.f3 f4 12.Bf2 h5 13.Nb5 b6 14.b4 a6 15.Nc3 g5 16.a4 a5
17.bxa5 Rxa5 18.Nd3 Nf6 19.Nb5 g4 20.Be1 Ra6 21.a5 Ng6 22.axb6 Rxb6 23.Ra7 gxf3
24.gxf3 Bh3 25.Rf2 Nxe4 26.fxe4 Qg5+ 27.Kh1 f3 28.Bxf3 Nh4 29.Bd2 Qg6 30.Nf4 exf4
31.Rxc7 Rxb5 32.cxb5 Bd4 33.Qe2 Ra8 34.Rc1 Nxf3 35.Rxf3 Bg4 36.h3 Bxf3+ 37.Qxf3 Qg3
38.Qxh5 f3 39.Qg5+ Qxg5 40.Bxg5 Ra2 41.Rf1 Rb2 42.Rxf3 Rb1+ 43.Kh2 Rxb5 44.Bf4 Bc5
45.Be3 Rb2+ 46.Kg3 Bb4 47.Bd4 Re2 48.Kf4 Kf8 49.Rb3 Bd2+ 50.Kf5 Rg2 51.Rb7 Kg8
52.Bf6 Rf2+ 53.Ke6 Bf4 54.Rg7+ Kf8 55.Rg6  1-0

[Event "BEL-chT9899"]
[Site "Antwerp"]
[Date "1998.11.22"]
[Round "3"]
[White "Mohandesi, Shahin"]
[Black "Schebler, Gerhard"]
[Result "1/2-1/2"]
[WhiteElo "2305"]
[BlackElo "2445"]

1.d4 Nf6 2.Nf3 g6 3.c4 Bg7 4.Nc3 O-O 5.e4 d6 6.Be2 e5 7.O-O Nc6 8.d5 Ne7
9.Ne1 Nd7 10.Nd3 f5 11.Bd2 c5 12.f3 Kh8 13.Rb1 Nf6 14.b4 b6 15.bxc5 bxc5
16.Rb3 h5 17.Qc1 f4 18.Qa3 g5 19.Rfb1 g4 20.Rb8 Rxb8 21.Rxb8 Qc7 22.Rb2 a6
23.Qb3 Ng6 24.Be1 Qe7 25.Qa4 h4 26.Qd1 gxf3 27.gxf3 Rg8 28.Bf1 Bh6 29.h3 Nf8+
30.Rg2 Rg3 31.Bxg3 fxg3 32.Rb2 N6h7 33.Rb8 Bd7 34.Bg2 Be3+ 35.Kh1 Qf7 36.Qf1 Ng5
37.Ne2 Kh7 38.f4 exf4 39.Nexf4 Bf2 40.Rb7 Kh6 41.Nxf2 gxf2 42.Qxf2 Ng6 43.Nd3 Qe8
44.Qe3 Bf5 45.Rb6 Qe7 46.Rxa6 Kh5 47.Nf4+ Nxf4 48.Qxf4 Bxh3 49.Bxh3 Nxh3
50.Qf3+ Kh6 51.Qxh3 Qxe4+ 52.Qg2 Qe1+ 53.Kh2 Qe5+ 54.Kh1 Qe1+ 55.Qg1 Qe4+
56.Kh2 Qe2+ 57.Kh3 Qd3+ 58.Kg2 Qe4+ 59.Kf2 Qf4+ 60.Ke1 Qc1+ 61.Kf2 Qf4+ 62.Kg2 Qe4+
63.Kh3 Qd3+ 64.Kxh4 Qxc4+ 65.Qg4 Qxa6 66.Qe6+ Kg7 67.Kg5 Qxa2 68.Qf6+ Kg8
69.Qg6+ Kf8 70.Qxd6+ Ke8 71.Qxc5 Qg2+ 72.Kf6 Qf3+ 73.Ke5 Qg3+ 74.Ke4 Qg2+
75.Kd3 Qf1+ 76.Kc2 Kd7 77.Qc6+ Kd8 78.Kb3  1/2-1/2

[Event "BEL-chT9899"]
[Site "Antwerp"]
[Date "1998.11.22"]
[Round "3"]
[White "Defize, Alain"]
[Black "Faybish, Nimrod"]
[Result "1-0"]
[WhiteElo "2250"]
[BlackElo "2230"]

1.d4 Nf6 2.c4 g6 3.Nc3 Bg7 4.e4 d6 5.Be2 O-O 6.Nf3 e5 7.O-O Nc6 8.d5 Ne7
9.Ne1 Nd7 10.f3 f5 11.g4 Kh8 12.Ng2 Nf6 13.h4 c6 14.Be3 Qd7 15.exf5 gxf5
16.g5 Nh5 17.f4 Ng3 18.Rf3 Nxe2+ 19.Qxe2 b6 20.h5 Kg8 21.Rg3 Ba6 22.Rd1 cxd5
23.Nxd5 Nxd5 24.Rxd5 Qe6 25.Qd1 Rad8 26.b3 Bb7 27.Rd2 d5 28.h6 Bh8 29.fxe5 Bxe5
30.Nf4 Qd6 31.Qf1 d4 32.g6 Bxf4 33.Bxf4 Qc6 34.gxh7+ Kxh7 35.Qh3 Qe4 36.Rg7+ Kh8
37.Qg3 Rfe8 38.Rh7+  1-0

[Event "Sisak"]
[Site "Sisak"]
[Date "1998.11.22"]
[Round "4"]
[White "Franic, Milan"]
[Black "Videki, Sandor"]
[Result "1-0"]
[WhiteElo "2445"]
[BlackElo "2420"]

1.d4 Nf6 2.c4 g6 3.Nc3 Bg7 4.e4 d6 5.Nf3 O-O 6.Be2 e5 7.O-O Nc6 8.d5 Ne7
9.Bd2 Nh5 10.g3 f5 11.Nh4 Nf6 12.exf5 Nxf5 13.Nxf5 Bxf5 14.g4 Bd7 15.f3 Qe7
16.Be3 c5 17.h3 Kh8 18.Kg2 Rf7 19.Rb1 b6 20.Qd2 e4 21.f4 h5 22.Rh1 Kg8 23.Kg3 Raf8
24.Rbf1 hxg4 25.hxg4 Nh7 26.Bd1 a6 27.a4 b5 28.cxb5 Bxc3 29.Qxc3 axb5 30.Rh6 Rg7
31.axb5 Bxb5 32.Rfh1 Qb7 33.b4 Rc8 34.bxc5 dxc5 35.Qe5 Re8 36.Qd6 Nf8 37.Rh8+ Kf7
38.Bxc5 Qc8 39.Rxf8+ Rxf8 40.Bb3 Re8 41.Bd4  1-0

[Event "National Congress 29th"]
[Site "Philadelphia"]
[Date "1998.11.27"]
[Round "2"]
[White "Shapiro, Daniel E"]
[Black "Fedorowicz, John P"]
[Result "1/2-1/2"]
[WhiteElo "2305"]
[BlackElo "2540"]

1.d4 Nf6 2.c4 g6 3.Nc3 Bg7 4.e4 d6 5.Nf3 O-O 6.Be2 e5 7.O-O Nc6 8.d5 Ne7
9.b4 a5 10.bxa5 Rxa5 11.a4 c5 12.Qc2 Ra6 13.Nb5 Nd7 14.Bb2 h6 15.Nd2 f5 16.f4 fxe4
17.Nxe4 Nf5 18.Ra3 exf4 19.Bxg7 Kxg7 20.Qb2+ Nf6 21.Rxf4 h5  1/2-1/2

[Event "National Congress 29th"]
[Site "Philadelphia"]
[Date "1998.11.29"]
[Round "5"]
[White "Meyer, Eugene B"]
[Black "Rajlich, Vasik G"]
[Result "0-1"]
[WhiteElo "2465"]
[BlackElo "2270"]

1.c4 Nf6 2.Nc3 g6 3.e4 d6 4.d4 Bg7 5.Nf3 O-O 6.Be2 e5 7.O-O Nc6 8.d5 Ne7
9.Nd2 a5 10.a3 Bd7 11.b3 Ne8 12.Bb2 f5 13.Qc2 f4 14.b4 g5 15.f3 h5 16.c5 Ng6
17.Rfc1 Rf7 18.c6 Bc8 19.cxb7 Bxb7 20.bxa5 Bh6 21.a4 Bc8 22.Nb5 g4 23.Ra3 g3
24.Nf1 Nh4 25.Rc3 Rg7 26.h3 Bxh3 27.gxh3 Qd7 28.Bc4 Qxh3 29.Qe2 Bg5 30.Na3 Bd8
31.Nc2 Nf6 32.Bb5 Ng4 33.fxg4 hxg4 34.Nxg3 Nf3+ 35.Rxf3 gxf3 36.Qh2 Qxh2+
37.Kxh2 fxg3+ 38.Kh3 Bg5 39.Rg1 Bf4  0-1

[Event "SVK-chT2A 9899"]
[Site "SVK"]
[Date "1998.12.05"]
[Round "5"]
[White "Lauf, Pavol"]
[Black "Rigo, Zsolt"]
[Result "0-1"]
[WhiteElo "2151"]
[BlackElo "2170"]

1.d4 Nf6 2.c4 g6 3.Nc3 Bg7 4.e4 d6 5.Nf3 O-O 6.Be2 e5 7.O-O Nc6 8.d5 Ne7
9.Ne1 Nd7 10.Be3 f5 11.f3 f4 12.Bf2 g5 13.Nd3 Ng6 14.c5 Nf6 15.cxd6 cxd6
16.Nb5 a6 17.Nc3 h5 18.Na4 g4 19.Rc1 Rf7 20.Qc2 g3 21.hxg3 fxg3 22.Bxg3 b5
23.Nc3 Bh6 24.Rce1 h4 25.Bh2 Nh5 26.Bd1 Ng3 27.Rf2 Qb6 28.Nb4 Be3 29.Rxe3 Qxe3
30.Qd2 Qb6 31.Qg5 Rg7 32.Qd2 Nf4 33.Nc2 Nh3+  0-1

[Event "Budapest FS12 GM"]
[Site "Budapest"]
[Date "1998.12.06"]
[Round "2"]
[White "Csiszar, Csaba"]
[Black "Zimmerman, Yuri"]
[Result "1/2-1/2"]
[WhiteElo "2410"]
[BlackElo "2340"]

1.d4 Nf6 2.c4 g6 3.Nc3 Bg7 4.e4 d6 5.Be2 O-O 6.Nf3 e5 7.O-O Nc6 8.Be3 Re8
9.dxe5 dxe5 10.h3 Qxd1 11.Rfxd1 Nb4 12.Rac1 c6 13.c5 a5 14.Nd2 Be6 15.Bc4 Bf8
16.f3 Red8 17.Bxe6 fxe6 18.Nc4 Nd3 19.Rc2 Nxc5 20.Rxd8 Rxd8 21.Nxa5 Ra8 22.b4 Nd3
23.a3 c5 24.Nxb7 cxb4 25.axb4 Nxb4 26.Rd2 Ra3 27.Nd1 Nd3 28.Kh2 Be7 29.Nf2 Nf4
30.Bc5 Bxc5 31.Nxc5 Rc3 32.Ncd3 Nxd3 33.Nxd3 Nd7 34.Nf2 Rc7 35.Rd6 Kf7 36.h4 Ke7
37.Ra6 Nc5 38.Ra8 Nd7 39.Ng4 h5 40.Nf2 Rb7 41.Nh3 Nf8 42.Ng5 Rd7 43.Kg3 Rd2
44.Ra6 Rb2 45.Ra7+ Nd7 46.Kh3 Rb1 47.Nh7 Rh1+ 48.Kg3 Rb1 49.Kh2 Rb2 50.Kh3 Rb1
51.Kg3 Rb2 52.Kh2 Rb3 53.Ra2 Rb4 54.Ng5 Rb3 55.Kh3 Rd3 56.Rb2 Ra3 57.Rb7 Ra1
58.g4 Rh1+ 59.Kg3 hxg4 60.fxg4 Rg1+ 61.Kf3 Rh1 62.Kf2 Rxh4 63.Nf3 Rxg4 64.Rxd7+ Ke8
65.Rd6 Ke7  1/2-1/2

[Event "SVK-chT2A 9899"]
[Site "SVK"]
[Date "1998.12.06"]
[Round "6"]
[White "Strieborny, Martin"]
[Black "Lauf, Pavol"]
[Result "0-1"]
[WhiteElo "2065"]
[BlackElo "2151"]

1.d4 Nf6 2.Nf3 g6 3.c4 Bg7 4.Nc3 d6 5.e4 O-O 6.Be2 e5 7.O-O Nc6 8.d5 Ne7
9.Ne1 Nd7 10.Nd3 f5 11.f3 f4 12.Bd2 g5 13.h3 Ng6 14.Rc1 h5 15.b4 Nf6 16.c5 Rf7
17.Nf2 Bf8 18.cxd6 cxd6 19.Nb5 a6 20.Na3 b5 21.Rc3 Rh7 22.Qc2 Bd7 23.Rc1 Qb6
24.Qd1 g4 25.Kf1 g3 26.Nd3 Nh4 27.Be1 Bxh3 28.Nc5 Bxg2+ 29.Kg1 Rc8 30.Qc2 Rhc7  0-1

[Event "ROM-ch"]
[Site "Bucuresti"]
[Date "1998.12.08"]
[Round "1"]
[White "Grigore, George"]
[Black "Vajda, Levente"]
[Result "0-1"]
[WhiteElo "2475"]
[BlackElo "2480"]

1.d4 Nf6 2.c4 g6 3.Nc3 Bg7 4.e4 d6 5.Be2 O-O 6.Nf3 e5 7.O-O Nc6 8.d5 Ne7
9.Nd2 Nd7 10.b4 a5 11.bxa5 Rxa5 12.Nb3 Ra8 13.a4 f5 14.a5 Nf6 15.f3 c5 16.Qc2 fxe4
17.fxe4 Bd7 18.Nb5 Ra6 19.Be3 h6 20.Nxd6 Rxd6 21.Nxc5 Bc8 22.Rfb1 Qc7 23.Na4 Nfxd5
24.exd5 Rxd5 25.Qb3 Rd4 26.Bxd4 exd4 27.Nb6 d3 28.Qxd3 Bf5 29.Qe3 Bxb1 30.Rxb1 Nf5
31.Qe6+ Kh7 32.Bd3 Qd8 33.Bxf5 Qd4+ 34.Kh1 Rxf5 35.Nd5 Qd3 36.Rg1 Rf1 37.h3 Bd4
38.Qe7+ Kh8 39.Qd8+ Kg7 40.Qe7+ Rf7 41.Qe6 Bxg1 42.Qe5+ Kg8 43.Qe8+ Kg7 44.Qe5+ Kh7
45.Nf6+ Rxf6 46.Qxf6 Bd4 47.Qf7+ Bg7 48.Qxb7 Qf1+ 49.Kh2 Qf4+ 50.Kh1 h5 51.a6 Kh6
52.Qb1 Be5 53.Qg1 Bd4 54.Qb1 Ba7 55.Qa1 Kh7 56.Qd1 Kh6 57.Qa1 Qd4 58.Qc1+ Kg7
59.Qf1 Qf6 60.Qe1 Bc5 61.Kh2 Qf4+ 62.Kh1 Qxc4 63.Qe5+ Kh7 64.Qa1 Qd4 65.Qe1 Qf2
66.Qa1 Ba7 67.Qd1 Bb8 68.Qb1  0-1

[Event "Budapest FS12 IM-B"]
[Site "Budapest"]
[Date "1998.12.08"]
[Round "4"]
[White "Szeberenyi, Adam"]
[Black "Farago, Sandor"]
[Result "1-0"]
[WhiteElo "2230"]
[BlackElo "2335"]

1.d4 Nf6 2.c4 d6 3.Nc3 g6 4.e4 Bg7 5.Be2 O-O 6.Nf3 e5 7.O-O Nc6 8.d5 Ne7
9.b4 Nh5 10.Re1 Nf4 11.Bf1 h6 12.Bb2 g5 13.Nd2 f5 14.Rc1 Rf7 15.c5 fxe4 16.Ndxe4 Nf5
17.g3 g4 18.gxf4 Nd4 19.Bg2 Qh4 20.Ng3 exf4 21.Re8+ Rf8 22.Rxf8+ Kxf8 23.Na4 fxg3
24.Bxd4 Qxh2+ 25.Kf1 Bd7 26.c6 bxc6 27.dxc6 Bf5 28.Nc3 gxf2 29.Bxg7+ Kxg7
30.Qd4+ Kg6 31.Ne2 Rf8 32.Rc3 Rf6 33.Re3 h5 34.Re8 Kg5 35.Qe3+ Kh4 36.Rg8 Bg6
37.Qe7  1-0

[Event "Autumn Int"]
[Site "Tel Aviv"]
[Date "1998.12.09"]
[Round "2"]
[White "Yeke, Serkan"]
[Black "Ribshtein, Nati"]
[Result "1-0"]
[WhiteElo "2160"]
[BlackElo "2290"]

1.Nf3 Nf6 2.c4 g6 3.Nc3 Bg7 4.e4 O-O 5.d4 d6 6.Be2 e5 7.O-O Nc6 8.d5 Ne7
9.b4 Nh5 10.Re1 f5 11.Ng5 Nf6 12.Bf3 c6 13.Be3 f4 14.Bc1 h6 15.Ne6 Bxe6 16.dxe6 Nc8
17.b5 Nb6 18.Qb3 Qe7 19.Ba3 Rfd8 20.c5 Nc8 21.Rad1 Ne8 22.Rd2 Bf8 23.Red1 Kh7
24.Be2 Qc7 25.Bb4 Be7 26.a4 Nf6 27.a5 dxc5 28.Rxd8 cxb4 29.b6 axb6 30.R8d7 Nxd7
31.Rxd7 Qb8 32.Qxb4 bxa5 33.Rxe7+ Nxe7 34.Qxe7+ Kh8 35.Qf6+ Kh7 36.Qf7+ Kh8
37.e7 Qe8 38.Bc4  1-0

[Event "Budapest FS12 GM"]
[Site "Budapest"]
[Date "1998.12.11"]
[Round "7"]
[White "Csiszar, Csaba"]
[Black "Toth, Andras"]
[Result "1/2-1/2"]
[WhiteElo "2410"]
[BlackElo "2330"]

1.d4 Nf6 2.c4 g6 3.Nc3 Bg7 4.e4 d6 5.Be2 O-O 6.Nf3 e5 7.O-O Nc6 8.Be3 Ng4
9.Bg5 f6 10.Bh4 g5 11.Bg3 Nh6 12.dxe5 dxe5 13.Qxd8 Nxd8 14.Nd5  1/2-1/2

[Event "Boavista Challenge"]
[Site "Porto"]
[Date "1998.12.11"]
[Round "9"]
[White "Pinho, Paulo"]
[Black "Ferreira, Paolo"]
[Result "1-0"]
[WhiteElo "2150"]
[BlackElo "2205"]

1.d4 Nf6 2.c4 g6 3.Nc3 Bg7 4.e4 d6 5.Nf3 O-O 6.Be2 e5 7.O-O Nc6 8.d5 Ne7
9.Ne1 Nd7 10.f3 f5 11.Be3 f4 12.Bf2 Rf7 13.c5 Nf6 14.cxd6 cxd6 15.a4 g5 16.a5 h5
17.Nb5 g4 18.Bxa7 Ng6 19.Bb6 Qe7 20.Nc7 Nxe4 21.fxe4 f3 22.Nxa8 Nf4 23.Bb5 Bd7
24.Bxd7 Ne2+ 25.Qxe2 fxe2 26.Rxf7 Kxf7 27.Be6+ Kg6 28.Bf5+ Kf6 29.Rc1 Qe8
30.Nc7 Qa4 31.Ne6 Bh6 32.Bd8+ Kf7 33.Rc7+ Kg8 34.Bf6  1-0

[Event "AUT-chT2M 9899"]
[Site "Austria"]
[Date "1998.12.13"]
[Round "5"]
[White "Farago, Ivan"]
[Black "Portisch, Ferenc"]
[Result "1-0"]
[WhiteElo "2530"]
[BlackElo "2375"]

1.d4 Nf6 2.c4 g6 3.Nc3 Bg7 4.e4 d6 5.Be2 O-O 6.Nf3 e5 7.O-O Nc6 8.d5 Ne7
9.b4 Ne8 10.c5 f5 11.Nd2 fxe4 12.Ndxe4 Nf5 13.Bg5 Nf6 14.Bg4 Nd4 15.Bxc8 Rxc8
16.Qa4 a6 17.Rae1 Rf7 18.f3 Qf8 19.Bxf6 Bxf6 20.Ne2 Nf5 21.Qb3 Be7 22.Rc1 Rd8
23.cxd6 cxd6 24.a4 Ra8 25.a5 Bd8 26.Kh1 Qe8 27.g4  1-0

[Event "Budapest FS12 GM"]
[Site "Budapest"]
[Date "1998.12.13"]
[Round "9"]
[White "Csiszar, Csaba"]
[Black "Horvath, Adam"]
[Result "1/2-1/2"]
[WhiteElo "2410"]
[BlackElo "2455"]

1.d4 Nf6 2.c4 g6 3.Nc3 Bg7 4.Nf3 d6 5.e4 O-O 6.Be2 e5 7.O-O Nc6 8.d5 Ne7
9.Ne1 Ne8 10.Be3 f5 11.f3 f4 12.Bf2 h5 13.c5 g5 14.Nb5 a6 15.Na3  1/2-1/2

[Event "BL2-O9899"]
[Site "Germany"]
[Date "1998.12.13"]
[Round "3.5"]
[White "Kuraszkiewicz, Michael"]
[Black "Kirchner, Thomas"]
[Result "1-0"]
[WhiteElo "2330"]
[BlackElo "2265"]

1.d4 Nf6 2.Nf3 g6 3.c4 Bg7 4.Nc3 O-O 5.e4 d6 6.Be2 e5 7.O-O Nc6 8.d5 Ne7
9.Ne1 Nd7 10.Nd3 f5 11.f3 f4 12.g4 fxg3 13.hxg3 h6 14.Be3 c5 15.Qd2 g5 16.f4 exf4
17.gxf4 gxf4 18.Rxf4 Ng6 19.Rxf8+ Ndxf8 20.Bh5 Qh4 21.Qh2 Qxh2+ 22.Kxh2 Bd7
23.Rg1 Kh7 24.Kh1 Be8 25.Bg4 Ne5 26.Nxe5 Bxe5 27.Bf5+ Bg6 28.Kg2 Re8 29.Kf3 a6
30.Rh1 Bg7 31.Bf4 Rd8 32.Nd1 b5 33.b3 bxc4 34.bxc4 Bxf5 35.exf5 Rd7 36.Ne3 a5
37.Ng4 Rf7 38.f6 Bxf6 39.Nxh6 Rb7 40.Ng4+ Kg7 41.Bh6+ Kf7 42.Nxf6 Ng6 43.Ng4 Rb2
44.Bf4 Rc2 45.Bxd6 Rxc4 46.Rh7+ Ke8 47.Nf6+ Kd8 48.Rd7+ Kc8 49.Rc7+ Kd8 50.Rxc5 Nh4+
51.Ke2 Ra4 52.Rb5  1-0

[Event "BL2-N9899"]
[Site "Germany"]
[Date "1998.12.13"]
[Round "3.7"]
[White "Giemsa, Stephan"]
[Black "Dimitrijeski, Boris"]
[Result "0-1"]
[WhiteElo "2295"]
[BlackElo "2190"]

1.d4 Nf6 2.c4 g6 3.Nc3 Bg7 4.e4 d6 5.Nf3 O-O 6.Be2 e5 7.O-O Nc6 8.d5 Ne7
9.Nd2 a5 10.a3 Nd7 11.Rb1 f5 12.b4 Kh8 13.Qc2 Ng8 14.f3 Ngf6 15.Bd3 f4 16.Nb5 b6
17.Be2 h5 18.c5 dxc5 19.bxc5 Nxc5 20.Nc4 Nfd7 21.a4 Ba6 22.Ba3 Bf6 23.Rfd1 Bxb5
24.Rxb5 Be7 25.d6 cxd6 26.Nxb6 Nxb6 27.Bxc5 Qc8 28.Rxb6 dxc5 29.Rxg6 Kh7
30.Rb6 c4 31.Kh1 c3 32.Bb5 Rf6 33.Rxf6 Bxf6 34.Rd3 Qc5 35.Rxc3 Qd4 36.Rc7+ Kg6
37.Bf1 Rd8 38.Qa2 Qd1 39.Qf7+ Kg5 40.h4+ Kxh4 41.Qxf6+ Kg3 42.Qa6 Rd2 43.Qc4 Qe1
44.Qc1 Rd1 45.Rg7+ Kf2 46.Qc5+ Rd4 47.Qc2+ Kxf1 48.g3 Rd2  0-1

[Event "Skopje op"]
[Site "Skopje"]
[Date "1998.12.13"]
[Round "2"]
[White "Dimitrov, Vladimir"]
[Black "Gicev, Blagoja"]
[Result "0-1"]
[WhiteElo "2470"]
[BlackElo "2275"]

1.c4 g6 2.Nc3 Bg7 3.d4 Nf6 4.e4 d6 5.Nf3 O-O 6.Be2 e5 7.O-O Nc6 8.d5 Ne7
9.Nd2 a5 10.a3 Nd7 11.Rb1 f5 12.b4 axb4 13.axb4 Kh8 14.Qc2 Ng8 15.exf5 gxf5
16.f4 exf4 17.Nf3 Ne5 18.Bxf4 Ne7 19.Qd2 N7g6 20.Bg5 Qd7 21.Nd4 Nf7 22.Be3 f4
23.Bxf4 Nxf4 24.Rxf4 Qe7 25.Nf5 Bxf5 26.Rxf5 Ne5 27.Rxf8+ Rxf8 28.Rf1 Rxf1+
29.Bxf1 Qh4 30.Nb5 Nxc4 31.Qc2 Bd4+ 32.Kh1 Ne3 33.Qe2 Bb6 34.Qf3 Kg8 35.Nxc7 Qe1
36.Ne8 Nxf1 37.Nf6+ Kh8  0-1

[Event "ROM-ch"]
[Site "Bucuresti"]
[Date "1998.12.23"]
[Round "15"]
[White "Szuhanek, Ranko"]
[Black "Cosma, Ioan"]
[Result "1/2-1/2"]
[WhiteElo "2400"]
[BlackElo "2475"]

1.Nf3 Nf6 2.c4 g6 3.Nc3 Bg7 4.e4 d6 5.d4 O-O 6.Be2 e5 7.O-O Nc6 8.d5 Ne7
9.b4 a5 10.Ba3 axb4 11.Bxb4  1/2-1/2

[Event "Groningen op"]
[Site "Groningen"]
[Date "1998.12.23"]
[Round "4"]
[White "Ernst, Sipke"]
[Black "Sziva, Erika"]
[Result "1-0"]
[WhiteElo "2420"]
[BlackElo "2295"]

1.Nf3 Nf6 2.c4 g6 3.Nc3 Bg7 4.e4 d6 5.d4 O-O 6.Be2 e5 7.O-O Nc6 8.d5 Ne7
9.b4 Nh5 10.Qb3 Nf4 11.Bxf4 exf4 12.Rad1 h6 13.c5 g5 14.e5 g4 15.exd6 cxd6
16.Nd4 a6 17.Na4 f3 18.gxf3 Ng6 19.fxg4 Be5 20.f4 Nxf4 21.Rxf4 Bxf4 22.Nb6 Qh4
23.h3 Re8 24.Qf3 Be3+ 25.Kg2 Bxd4 26.Rxd4 Rb8 27.Re4 Qd8 28.Bd3 Bd7 29.Bc2 Rf8
30.Qe3 f5 31.Re7 Rf7 32.Rxf7 Kxf7 33.Qxh6 Be8 34.Bxf5 Qf6 35.Be6+  1-0

[Event "Groningen op"]
[Site "Groningen"]
[Date "1998.12.28"]
[Round "8"]
[White "Schlecht, Daniel"]
[Black "Reinderman, Dimitri"]
[Result "0-1"]
[WhiteElo "2395"]
[BlackElo "2540"]

1.d4 Nf6 2.c4 g6 3.Nc3 Bg7 4.e4 d6 5.Nf3 O-O 6.Be2 e5 7.O-O Nc6 8.d5 Ne7
9.b4 a5 10.Ba3 axb4 11.Bxb4 b6 12.a4 Ne8 13.Nb5 f5 14.a5 fxe4 15.Ng5 e3 16.axb6 Rxa1
17.bxc7 exf2+ 18.Kh1 Nxc7 19.Qxa1 Nf5 20.Ne4 Nxb5 21.cxb5 Qh4 22.Bf3 Bh6
23.Rxf2 Bf4 24.Qg1 Be3 25.Qf1 Bxf2 26.Qxf2 Qxf2 27.Nxf2 Bd7 28.Ne4 Ra8 29.h3 Ra4
30.Nf6+ Kf7 31.Nxd7 Rxb4  0-1

[Event "Eastern op"]
[Site "Washington DC"]
[Date "1998.12.29"]
[Round "8"]
[White "Meyer, John C"]
[Black "Hook, William"]
[Result "1-0"]
[WhiteElo "2345"]
[BlackElo "2140"]

1.d4 Nf6 2.c4 g6 3.Nc3 Bg7 4.e4 d6 5.Nf3 O-O 6.Be2 e5 7.O-O Nc6 8.d5 Ne7
9.Ne1 Nd7 10.Nd3 f5 11.Bd2 Kh8 12.Rc1 Ng8 13.f4 exf4 14.Bxf4 g5 15.Be3 f4
16.Bf2 Qe7 17.Nb5 Ne5 18.c5 Nxd3 19.Qxd3 a6 20.cxd6 cxd6 21.Nc7 Rb8 22.Ba7 Bd7
23.Bxb8 Rxb8 24.Qb3 Qxe4 25.Bd3 Qd4+ 26.Kh1 Be5 27.Ne6 Bxe6 28.dxe6 h5 29.Rc7 Nf6
30.Qc2 d5 31.Rc8+ Rxc8 32.Qxc8+ Kg7 33.Bf5 Qc4 34.Rc1 Qe2 35.e7 f3 36.Qf8+  1-0

[Event "Danube op"]
[Site "Aschach"]
[Date "1998.12.30"]
[Round "6"]
[White "Stanec, Nikolaus"]
[Black "Weiss, Christian"]
[Result "1/2-1/2"]
[WhiteElo "2495"]
[BlackElo "2370"]

1.d4 Nf6 2.c4 g6 3.Nc3 Bg7 4.e4 d6 5.Be2 O-O 6.Nf3 e5 7.O-O Nc6 8.d5 Ne7
9.Nd2 Nd7 10.b4 f5 11.Ba3 Nf6 12.c5 Bh6 13.Bd3 Bxd2 14.Qxd2 f4 15.cxd6  1/2-1/2

[Event "ISR-chT"]
[Site "Israel"]
[Date "1998.??.10"]
[Round "1"]
[White "Har Zvi, Ronen"]
[Black "Weisbuch, Udi"]
[Result "1-0"]
[WhiteElo "2510"]
[BlackElo "2265"]

1.Nf3 Nf6 2.d4 g6 3.c4 Bg7 4.Nc3 O-O 5.e4 d6 6.Be2 e5 7.O-O Nc6 8.d5 Ne7
9.b4 a5 10.Ba3 axb4 11.Bxb4 Nd7 12.a4 Bh6 13.a5 f5 14.Nd2 Nf6 15.exf5 c5
16.dxc6 Nxc6 17.Ba3 gxf5 18.Nb3 Ne8 19.c5 Rf6 20.Nd5 Rg6 21.Bh5 Rg7 22.Bxe8 Qg5
23.g3 f4 24.Nb6 fxg3 25.fxg3 Qe3+ 26.Rf2 Bh3 27.Nxa8 e4 28.Qxd6 Ne7 29.Bb2 Nf5
30.Qe6+ Kh8 31.Bb5  1-0

[Event "AUT-chT2O 9798"]
[Site "Austria"]
[Date "1998.??.17"]
[Round "8"]
[White "Zetthofer, Gerald"]
[Black "Raubal, Martin"]
[Result "0-1"]
[WhiteElo "2220"]
[BlackElo "2235"]

1.d4 g6 2.Nf3 Bg7 3.e4 d6 4.c4 Nf6 5.Nc3 O-O 6.Be2 e5 7.O-O Nc6 8.d5 Ne7
9.Rb1 Nh5 10.Re1 f5 11.b4 a5 12.a3 axb4 13.axb4 Nf6 14.Nd2 f4 15.f3 g5 16.c5 h5
17.Nc4 Ne8 18.Ba3 Rf7 19.Qb3 Ng6 20.b5 b6 21.cxb6 cxb6 22.Na4 Rb8 23.Rec1 Rfb7
24.Bb4 g4 25.Ncxb6 Rxb6 26.Ba5 Qh4 27.Rxc8 Rxc8 28.Nxb6 Rb8 29.Nc4 Qg5 30.b6 Nh4
31.Be1 Nxg2 32.Kxg2 gxf3+ 33.Kxf3 Nf6 34.h3 Nxe4 35.Kxe4 Qg6+ 36.Kf3 e4+
37.Kf2 Bd4+ 38.Ne3 Bxe3+ 39.Qxe3 fxe3+ 40.Kxe3 Qg1+  0-1